[Event "Reykjavik op"]
[Site "Reykjavik"]
[Date "2024.03.20"]
[Round "8"]
[White "Mercure, Gilbert"]
[Black "Schockenbaeumer, Dirk"]
[Result "0-1"]
[WhiteElo "1804"]
[BlackElo "2103"]
[PlyCount "78"]
[EventDate "2024.03.15"]
[EventType "swiss"]
[EventRounds "9"]
[EventCountry "ISL"]
[SourceTitle "CB13_2024"]
[SourceDate "2024.03.27"]
[SourceVersion "1"]
[SourceVersionDate "2024.03.27"]
[SourceQuality "1"]

1. e4 c5 2. Nc3 Nc6 3. Nf3 d6 4. d4 cxd4 5. Nxd4 Nf6 6. Bb5 Bd7 7. 0-0 g6 8. Nxc6 bxc6 9. Be2 Bg7 10. Be3 0-0 11. Qd2 Qa5 12. Bh6 Bxh6 13. Qxh6 Rab8 14. Rab1 Bg4 15. f3 Be6 16. a3 Qc5+ 17. Kh1 Bc4 18. b4 Qd4 19. Bxc4 Qxc3 20. Bb3 a5 21. Rfd1 axb4 22. Rd3 Qc5 23. axb4 Rxb4 24. Qd2 Rfb8 25. Rc3 Qb6 26. Rd1 Kg7 27. Qf4 Nd5 28. Bxd5 cxd5 29. h4 dxe4 30. fxe4 Qa5 31. Rf1 f5 32. Qg5 Rxe4 33. Rc4 Qb5 34. Rxe4 Qxf1+ 35. Kh2 fxe4 36. Qxe7+ Qf7 37. Qxd6 Re8 38. h5 Qe6 39. h6+ Kh8 0-1

[Event "Reykjavik op"]
[Site "Reykjavik"]
[Date "2024.03.17"]
[Round "4"]
[White "Mercure, Gilbert"]
[Black "Gortemaker, Lucas"]
[Result "0-1"]
[WhiteElo "1804"]
[BlackElo "2032"]
[PlyCount "60"]
[EventDate "2024.03.15"]
[EventType "swiss"]
[EventRounds "9"]
[EventCountry "ISL"]
[SourceTitle "CB13_2024"]
[SourceDate "2024.03.27"]
[SourceVersion "1"]
[SourceVersionDate "2024.03.27"]
[SourceQuality "1"]

1. e4 c6 2. d4 d5 3. e5 Bf5 4. g4 Be4 5. f3 Bg6 6. e6 Qd6 7. exf7+ Bxf7 8. Bd3 Nd7 9. Ne2 e5 10. dxe5 Nxe5 11. Bf4 Nxf3+ 12. Kf2 Ne5 13. Bf5 g6 14. Nd4 Nd3+ 15. Bxd3 Qxf4+ 16. Nf3 Bc5+ 17. Kg2 Qxg4+ 18. Kf1 Ne7 19. Qe2 0-0 20. Nbd2 Rae8 21. Qg2 Be6 22. h3 Qxg2+ 23. Kxg2 Bf5 24. Be2 Be4 25. Rhf1 Nf5 26. Rfe1 Ne3+ 27. Kh1 Nxc2 28. Rec1 Be3 29. Nxe4 Nxa1 30. Rc3 Rxe4 0-1

[Event "Quebec op"]
[Site "Laval"]
[Date "2022.09.02"]
[Round "2"]
[White "Chen, Max"]
[Black "Mercure, Gilbert"]
[Result "1-0"]
[WhiteElo "2104"]
[BlackElo "1722"]
[PlyCount "71"]
[EventDate "2022.09.01"]
[EventType "swiss"]
[EventRounds "9"]
[EventCountry "CAN"]
[SourceTitle "CBM 210 Extra"]
[Source "ChessBase"]
[SourceDate "2022.11.30"]
[SourceVersion "1"]
[SourceVersionDate "2022.11.30"]
[SourceQuality "1"]

1. e4 d5 2. exd5 Nf6 3. c4 e6 4. dxe6 Bxe6 5. Be2 Qe7 6. b3 c5 7. Nf3 Nc6 8. 0-0 0-0-0 9. Bb2 Qc7 10. Nc3 a6 11. Re1 Bf5 12. a3 Ng4 13. g3 h5 14. Nd5 Qd6 15. d4 h4 16. Ne5 Nxf2 17. Kxf2 hxg3+ 18. hxg3 Be4 19. Bg4+ f5 20. Rxe4 Rh2+ 21. Kg1 Qh6 22. Bxf5+ Kb8 23. Rh4 Rxh4 24. gxh4 Qxh4 25. Qg4 Qh6 26. Nf7 Qd2 27. Qf4+ Qxf4 28. Nxf4 Re8 29. Kf2 cxd4 30. Re1 Be7 31. Ng6 d3 32. Nxe7 d2 33. Nxc6+ Kc7 34. Rd1 bxc6 35. Rxd2 Rf8 36. Rd7+ 1-0

[Event "Quebec op"]
[Site "Longueuil"]
[Date "2019.07.27"]
[Round "9"]
[White "Mercure, Gilbert"]
[Black "Yan, Alex Jikai"]
[Result "0-1"]
[WhiteElo "1795"]
[BlackElo "1417"]
[PlyCount "90"]
[EventDate "2019.07.20"]
[EventType "swiss"]
[EventRounds "9"]
[EventCountry "CAN"]
[SourceTitle "CBM 191 Extra"]
[Source "ChessBase"]
[SourceDate "2019.09.30"]
[SourceVersion "1"]
[SourceVersionDate "2019.09.30"]
[SourceQuality "1"]

1. e4 c5 2. d4 cxd4 3. c3 dxc3 4. Nxc3 Nc6 5. Nf3 e6 6. Bc4 Bc5 7. 0-0 Nge7 8. Bg5 h6 9. Bf4 0-0 10. Bd6 Bxd6 11. Qxd6 a6 12. a4 Qb6 13. Nb5 axb5 14. axb5 Ra5 15. Rxa5 Qxa5 16. bxc6 Nxc6 17. Rd1 Qb4 18. Qxb4 Nxb4 19. Rd6 Nc6 20. Bb5 f6 21. h4 h5 22. Kf1 Kf7 23. Nd2 Ke7 24. Rd3 Rd8 25. Rc3 Nd4 26. Be2 Nxe2 27. Kxe2 b6 28. Ke3 Ba6 29. Rc7 Kd6 30. Ra7 Bb5 31. f4 Bc6 32. b4 b5 33. Kd4 e5+ 34. fxe5+ fxe5+ 35. Ke3 Ra8 36. Rxa8 Bxa8 37. Kf3 Ke6 38. g4 g6 39. gxh5 gxh5 40. Nf1 Kf6 41. Ne3 d6 42. Nf1 Bc6 43. Ne3 Ke6 44. Nf5 Bxe4+ 45. Kxe4 d5+ 0-1

[Event "Quebec op"]
[Site "Longueuil"]
[Date "2019.07.26"]
[Round "8"]
[White "Mercure, Gilbert"]
[Black "Craciun, David"]
[Result "0-1"]
[WhiteElo "1795"]
[BlackElo "1720"]
[PlyCount "86"]
[EventDate "2019.07.20"]
[EventType "swiss"]
[EventRounds "9"]
[EventCountry "CAN"]
[SourceTitle "CBM 191 Extra"]
[Source "ChessBase"]
[SourceDate "2019.09.30"]
[SourceVersion "1"]
[SourceVersionDate "2019.09.30"]
[SourceQuality "1"]

1. e4 e5 2. Nf3 Nc6 3. Bc4 Bc5 4. b4 Bxb4 5. c3 Ba5 6. d4 exd4 7. Qb3 Qf6 8. 0-0 d6 9. cxd4 Nge7 10. e5 dxe5 11. d5 Bd7 12. dxc6 Nxc6 13. Ba3 Bb6 14. Nbd2 0-0-0 15. Ne4 Qf4 16. Bd3 f5 17. Bc1 Qg4 18. h3 Qg6 19. Ng3 Qxg3 20. Qxb6 axb6 21. fxg3 e4 22. Ng5 exd3 23. Nf7 Be6 24. Nxd8 Rxd8 25. Bd2 Nd4 26. a3 Nc2 27. Rac1 Nxa3 28. Rc3 Nb5 29. Rcc1 Nd4 30. Kf2 c5 31. Ra1 Kc7 32. Bc3 Nc2 33. Be5+ Kc6 34. Rad1 Rd7 35. Rd2 c4 36. Kf3 Bd5+ 37. Kf4 Be4 38. g4 Rf7 39. Rg1 Bd5 40. g5 b5 41. Rc1 Kc5 42. Bd6+ Kxd6 43. Rcxc2 Kc5 0-1

[Event "Quebec op"]
[Site "Longueuil"]
[Date "2019.07.23"]
[Round "5"]
[White "Abdelaal, Ibrahim"]
[Black "Mercure, Gilbert"]
[Result "1/2-1/2"]
[WhiteElo "1903"]
[BlackElo "1795"]
[PlyCount "115"]
[EventDate "2019.07.20"]
[EventType "swiss"]
[EventRounds "9"]
[EventCountry "CAN"]
[SourceTitle "CBM 191 Extra"]
[Source "ChessBase"]
[SourceDate "2019.09.30"]
[SourceVersion "1"]
[SourceVersionDate "2019.09.30"]
[SourceQuality "1"]

1. e4 d5 2. exd5 Nf6 3. d4 Bg4 4. Nf3 Qxd5 5. Be2 Nc6 6. c4 Qf5 7. 0-0 0-0-0 8. Be3 a6 9. Nc3 e5 10. d5 h5 11. Qb3 Bxf3 12. Bxf3 Nd4 13. Bxd4 exd4 14. Na4 Nd7 15. c5 Nxc5 16. Nxc5 Bxc5 17. d6 Rxd6 18. Qxb7+ Kd7 19. Qb3 Rhh6 20. Qa4+ Ke7 21. Rfe1+ Rhe6 22. Qa5 Kf6 23. Qxc7 Bb6 24. Qc4 g5 25. Rxe6+ fxe6 26. Qc8 Rd8 27. Qxa6 g4 28. Qxb6 Ke7 29. Qb4+ Rd6 30. Bd1 d3 31. Bb3 d2 32. Rd1 Qe5 33. Qc3 Rd4 34. Qe3 Qd6 35. Qxe6+ Qxe6 36. Bxe6 Kxe6 37. Kf1 Rc4 38. Rxd2 Rc1+ 39. Ke2 Rh1 40. g3 Rxh2 41. b4 h4 42. gxh4 g3 43. Kf1 gxf2 44. Rxf2 Rxh4 45. Rb2 Rh1+ 46. Kg2 Ra1 47. b5 Kd7 48. Kf3 Kc7 49. Ke4 Kb6 50. Kd4 Rh1 51. Kc4 Rh4+ 52. Kc3 Rh3+ 53. Kb4 Rh4+ 54. Ka3 Ka5 55. Rb3 Rh6 56. Kb2 Rb6 57. Kc3 Rxb5 58. Kc4 1/2-1/2

[Event "Kingston Easter U2200"]
[Site "Kingston"]
[Date "2019.04.21"]
[Round "7.21"]
[White "Mercure, Gilbert"]
[Black "Xu, Daniel"]
[Result "1/2-1/2"]
[WhiteElo "1892"]
[BlackElo "2081"]
[PlyCount "90"]
[EventDate "2019.04.18"]
[EventType "swiss"]
[EventRounds "9"]
[EventCountry "CAN"]
[SourceTitle "EXT 2022"]
[Source "ChessBase"]
[SourceDate "2021.10.06"]
[SourceVersion "1"]
[SourceVersionDate "2021.10.06"]
[SourceQuality "1"]

1. e4 c5 2. d4 cxd4 3. c3 Nf6 4. e5 Nd5 5. Bc4 e6 6. Nf3 Nc6 7. 0-0 Be7 8. cxd4 d6 9. Bxd5 exd5 10. Nc3 Be6 11. Bf4 dxe5 12. dxe5 0-0 13. h3 Qa5 14. a3 Rfd8 15. Qd2 d4 16. Ne4 Qd5 17. Rfe1 Bf5 18. Nd6 Bxd6 19. exd6 Bxh3 20. b4 Bf5 21. Rac1 Be6 22. Rc5 Qa2 23. Qxa2 Bxa2 24. b5 Na5 25. Nxd4 Nb3 26. Nxb3 Bxb3 27. Rc7 Rab8 28. Ree7 Bd5 29. a4 Kf8 30. f3 Rbc8 31. Kf2 Rxc7 32. Rxc7 Ke8 33. Ke3 Rd7 34. Rc5 Be6 35. Kd4 f6 36. Rc1 Rd8 37. a5 Rc8 38. Rc7 Rxc7 39. dxc7 Kd7 40. Kc5 g5 41. Bh2 h5 42. Kd4 Bf5 43. Kd5 Bd3 44. b6 axb6 45. axb6 Bf1 1/2-1/2

[Event "Montreal Perce Neige"]
[Site "Montreal"]
[Date "2019.03.30"]
[Round "1.4"]
[White "Paduano, Gennaro"]
[Black "Mercure, Gilbert"]
[Result "0-1"]
[WhiteElo "1951"]
[BlackElo "1763"]
[PlyCount "114"]
[EventDate "2019.03.30"]
[EventType "swiss"]
[EventRounds "4"]
[EventCountry "CAN"]
[SourceTitle "EXT 2022"]
[Source "ChessBase"]
[SourceDate "2021.10.06"]
[SourceVersion "1"]
[SourceVersionDate "2021.10.06"]
[SourceQuality "1"]

1. e4 d5 2. exd5 Nf6 3. d4 Bg4 4. Be2 Bxe2 5. Nxe2 Qxd5 6. 0-0 Nc6 7. c3 e6 8. Qb3 Bd6 9. Qxd5 exd5 10. Bf4 Kd7 11. Bxd6 Kxd6 12. f3 Rae8 13. Kf2 h5 14. h4 Ne7 15. Ng3 g6 16. Na3 a6 17. c4 c6 18. b4 b5 19. c5+ Kd7 20. Nc2 Ra8 21. a4 Rhe8 22. Ra3 Reb8 23. Rfa1 a5 24. axb5 Rxb5 25. Rxa5 Raxa5 26. Rxa5 Rb7 27. Ne2 Ne8 28. Nf4 Nc7 29. Nd3 f6 30. g4 hxg4 31. fxg4 Ke6 32. Kf3 Nb5 33. Nf4+ Kf7 34. Ke3 Ng8 35. g5 Ne7 36. Kd3 Nf5 37. h5 fxg5 38. Nxg6 Kf6 39. Ra8 g4 40. Rc8 Rc7 41. Rxc7 Nxc7 42. Ne5 g3 43. Ke2 Kg5 44. h6 Nxh6 45. Kf3 Kh4 46. Ne3 Ne6 47. Nxc6 Kh3 48. b5 Nxc5 49. Kf4 Ne6+ 50. Kf3 Ng5+ 51. Kf4 Ne6+ 52. Ke5 Ng4+ 53. Nxg4 g2 54. b6 g1Q 55. Kxe6 Qxg4+ 56. Kxd5 Qd7+ 57. Kc4 Qxc6+ 0-1

[Event "Montreal Noel op"]
[Site "Montreal"]
[Date "2018.12.30"]
[Round "5"]
[White "Li, Yilin"]
[Black "Mercure, Gilbert"]
[Result "1-0"]
[WhiteElo "1899"]
[BlackElo "1821"]
[PlyCount "39"]
[EventDate "2018.12.26"]
[EventType "swiss"]
[EventRounds "5"]
[EventCountry "CAN"]
[SourceTitle "CBM 188 Extra"]
[Source "ChessBase"]
[SourceDate "2019.02.26"]
[SourceVersion "1"]
[SourceVersionDate "2019.02.26"]
[SourceQuality "1"]

1. e4 d5 2. exd5 Nf6 3. c4 e6 4. dxe6 Bxe6 5. Nf3 Qe7 6. Qe2 Nc6 7. d4 Nb4 8. Na3 Nd3+ 9. Qxd3 Bxc4+ 10. Qe3 Be6 11. Bd3 Qb4+ 12. Qd2 Qb6 13. 0-0 0-0-0 14. Qc2 Nd5 15. Nc4 Qa6 16. Ne3 Qb6 17. Nxd5 Rxd5 18. Be3 g5 19. Be4 Rb5 20. d5 1-0

[Event "Montreal Noel op"]
[Site "Montreal"]
[Date "2018.12.29"]
[Round "4"]
[White "Mercure, Gilbert"]
[Black "Jean, Robert"]
[Result "1-0"]
[WhiteElo "1821"]
[BlackElo "1604"]
[PlyCount "57"]
[EventDate "2018.12.26"]
[EventType "swiss"]
[EventRounds "5"]
[EventCountry "CAN"]
[SourceTitle "CBM 188 Extra"]
[Source "ChessBase"]
[SourceDate "2019.02.26"]
[SourceVersion "1"]
[SourceVersionDate "2019.02.26"]
[SourceQuality "1"]

1. e4 c5 2. d4 cxd4 3. c3 Nf6 4. e5 Nd5 5. Bc4 e6 6. Nf3 Qc7 7. Qxd4 Nc6 8. Qe4 f5 9. Qe2 Nde7 10. 0-0 Ng6 11. Re1 Be7 12. Bb3 0-0 13. Na3 Bxa3 14. bxa3 a5 15. a4 b6 16. Ba3 Re8 17. Bd6 Qa7 18. h4 Nd8 19. h5 Nf4 20. Qd2 Nxh5 21. Nd4 Ba6 22. Nxf5 g6 23. Nh6+ Kh8 24. Qg5 Nb7 25. Be7 Nc5 26. Bf6+ Ng7 27. Bxg7+ Kxg7 28. Qf6+ Kxh6 29. Re3 1-0

[Event "Montreal Noel op"]
[Site "Montreal"]
[Date "2018.12.26"]
[Round "1"]
[White "Beaulieu, Eric"]
[Black "Mercure, Gilbert"]
[Result "1-0"]
[WhiteElo "2157"]
[BlackElo "1821"]
[PlyCount "143"]
[EventDate "2018.12.26"]
[EventType "swiss"]
[EventRounds "5"]
[EventCountry "CAN"]
[SourceTitle "CBM 188 Extra"]
[Source "ChessBase"]
[SourceDate "2019.02.26"]
[SourceVersion "1"]
[SourceVersionDate "2019.02.26"]
[SourceQuality "1"]

1. d4 d5 2. c4 Nc6 3. Nc3 Nf6 4. Nf3 dxc4 5. d5 Na5 6. Qa4+ c6 7. b4 b5 8. Qxa5 Qxa5 9. bxa5 b4 10. Na4 cxd5 11. a3 b3 12. Bb2 e6 13. Ne5 Bb7 14. e3 Rc8 15. f3 Nd7 16. Nxd7 Kxd7 17. Be2 Bc6 18. Nc3 Bc5 19. Rd1 Ke7 20. Kf2 Rhd8 21. Nb1 f6 22. Bd4 Bb5 23. Nc3 Be8 24. e4 Bxd4+ 25. Rxd4 dxe4 26. Rxd8 Rxd8 27. fxe4 Rd2 28. Ke3 Rc2 29. Kd4 Bg6 30. Kxc4 b2 31. Bd3 Rxg2 32. Kb3 Rd2 33. Bc2 f5 34. e5 Be8 35. h4 Bc6 36. Rd1 Rh2 37. Rd4 h6 38. Kxb2 g5 39. hxg5 hxg5 40. Rc4 Kd7 41. Rd4+ Ke7 42. Rd6 Bb7 43. a6 Ba8 44. Kc1 Rh1+ 45. Rd1 g4 46. Rxh1 Bxh1 47. Kd2 Bg2 48. Ke3 Kd7 49. Kf4 Bf1 50. Ba4+ Kc7 51. Nb5+ Kb6 52. Nd4 Bc4 53. Bd7 Bxa6 54. Nxe6 Bd3 55. Ng7 Ka5 56. Bxf5 Bb5 57. Bc2 Kb6 58. Kxg4 Kc7 59. Ne6+ Kd7 60. Nd4 Bc4 61. Ba4+ Kc7 62. Kf5 Kb6 63. Bb3 Bd3+ 64. Kf6 Kc5 65. Nf5 a5 66. e6 Bb5 67. Ke7 a4 68. Ba2 Bd3 69. Nd6 Kd4 70. Kd7 Kc3 71. e7 Bg6 72. Bf7 1-0

[Event "Granby"]
[Site "Granby"]
[Date "2018.11.25"]
[Round "5.6"]
[White "Papineau, Daniel"]
[Black "Mercure, Gilbert"]
[Result "0-1"]
[WhiteElo "2073"]
[BlackElo "1925"]
[PlyCount "56"]
[EventDate "2018.11.23"]
[EventType "swiss"]
[EventRounds "5"]
[EventCountry "CAN"]
[SourceTitle "EXT 2022"]
[Source "ChessBase"]
[SourceDate "2021.10.06"]
[SourceVersion "1"]
[SourceVersionDate "2021.10.06"]
[SourceQuality "1"]

1. d4 d5 2. c4 Nc6 3. e3 e5 4. cxd5 Qxd5 5. Nc3 Bb4 6. Bd2 Bxc3 7. bxc3 Nf6 8. c4 Qd6 9. d5 Ne7 10. Qb3 a5 11. Ne2 Nd7 12. Nc3 Nc5 13. Nb5 Qd8 14. Qa3 b6 15. Rd1 Ba6 16. Nc3 0-0 17. Be2 f5 18. 0-0 Qd6 19. Qb2 Rf6 20. Qc2 Raf8 21. f3 Rh6 22. Be1 f4 23. Bf2 Nf5 24. Ne4 Nxe4 25. Qxe4 Rxh2 26. Qxf5 Rxf5 27. Kxh2 Rh5+ 28. Kg1 Qh6 0-1

[Event "Granby"]
[Site "Granby"]
[Date "2018.11.24"]
[Round "3.5"]
[White "Leger, Maxime"]
[Black "Mercure, Gilbert"]
[Result "1-0"]
[WhiteElo "2058"]
[BlackElo "1925"]
[PlyCount "50"]
[EventDate "2018.11.23"]
[EventType "swiss"]
[EventRounds "5"]
[EventCountry "CAN"]
[SourceTitle "EXT 2022"]
[Source "ChessBase"]
[SourceDate "2021.10.06"]
[SourceVersion "1"]
[SourceVersionDate "2021.10.06"]
[SourceQuality "1"]

1. e4 d5 2. exd5 Nf6 3. Nc3 Nxd5 4. Bc4 Nb6 5. Bb3 Nc6 6. Nf3 Bf5 7. 0-0 e6 8. d3 Be7 9. h3 h5 10. Ne4 Nd4 11. Re1 Nxb3 12. axb3 Nd5 13. Ng3 Qd6 14. Nxf5 exf5 15. Nd4 f4 16. c4 c5 17. Nb5 Qb6 18. cxd5 Kf8 19. d6 Bxd6 20. Nxd6 Qxd6 21. Qf3 g5 22. h4 f6 23. Qxb7 Rb8 24. Qe4 Rb4 25. Qe8+ Kg7 1-0

[Event "Canadian op"]
[Site "Quebec"]
[Date "2018.07.08"]
[Round "2"]
[White "Bouton, Christophe"]
[Black "Mercure, Gilbert"]
[Result "1-0"]
[WhiteElo "2016"]
[BlackElo "1760"]
[PlyCount "105"]
[EventDate "2018.07.07"]
[EventType "swiss"]
[EventRounds "9"]
[EventCountry "CAN"]
[SourceTitle "EXT 2019"]
[Source "ChessBase"]
[SourceDate "2018.10.10"]
[SourceVersion "1"]
[SourceVersionDate "2018.10.10"]
[SourceQuality "1"]

1. c4 Nc6 2. g3 e5 3. Nc3 Nf6 4. Bg2 Bb4 5. Nf3 d6 6. 0-0 Bxc3 7. bxc3 Be6 8. d3 h6 9. Rb1 b6 10. Nd4 Nxd4 11. cxd4 exd4 12. Bc6+ Nd7 13. Bb2 Rb8 14. Bxd4 0-0 15. Bg2 Nc5 16. f4 Qd7 17. e4 Bg4 18. Qc2 Qa4 19. Qxa4 Nxa4 20. Rf2 Bd7 21. e5 b5 22. exd6 c5 23. Be3 Rfe8 24. Bd2 bxc4 25. Rxb8 Rxb8 26. dxc4 Rb1+ 27. Rf1 Rb6 28. Be3 Rxd6 29. Rb1 Be6 30. Rb8+ Kh7 31. Be4+ g6 32. Bc2 Rb6 33. Rxb6 Nxb6 34. Bxc5 Bxc4 35. a3 Nc8 36. Kf2 f5 37. Ke3 Kg7 38. Kd4 Ba6 39. Ke5 Nb6 40. Bxb6 axb6 41. Kd6 Bb7 42. Kc7 Be4 43. Ba4 g5 44. Kxb6 gxf4 45. gxf4 Kf6 46. Kc7 Ke6 47. Bb3+ Ke7 48. Bc4 Bc2 49. Bd5 Ba4 50. Bc6 Bc2 51. a4 Be4 52. a5 Bd3 53. Bb7 1-0

[Event "Montreal op U2000"]
[Site "Montreal"]
[Date "2016.09.11"]
[Round "5.51"]
[White "Zheng, Richard"]
[Black "Mercure, Gilbert"]
[Result "1-0"]
[WhiteElo "1612"]
[BlackElo "1747"]
[PlyCount "106"]
[EventDate "2016.09.09"]
[EventType "swiss"]
[EventRounds "5"]
[EventCountry "CAN"]
[SourceTitle "EXT 2022"]
[Source "ChessBase"]
[SourceDate "2021.10.06"]
[SourceVersion "1"]
[SourceVersionDate "2021.10.06"]
[SourceQuality "1"]

1. e4 d5 2. exd5 Nf6 3. Nf3 Nxd5 4. d4 Bf5 5. Bc4 e6 6. 0-0 Be7 7. Bxd5 exd5 8. Bf4 Nc6 9. c3 0-0 10. Nbd2 g5 11. Be3 g4 12. Ne5 Nxe5 13. dxe5 Bg5 14. f4 Be7 15. Nb3 Qd7 16. Qe2 b6 17. Rad1 c5 18. g3 Rad8 19. Rfe1 Qe6 20. Qf2 a5 21. Nc1 h5 22. b3 Kg7 23. b4 axb4 24. cxb4 d4 25. Bd2 h4 26. Nb3 hxg3 27. hxg3 Rh8 28. bxc5 bxc5 29. Ba5 Rc8 30. Qg2 Rh3 31. Kf2 Rch8 32. Rh1 Qc4 33. Rxh3 Rxh3 34. Rd2 Be6 35. Qf1 Rh2+ 36. Ke1 Rxd2 37. Qxc4 Bxc4 38. Kxd2 Kg6 39. Bb6 Bxb3 40. axb3 Kf5 41. Kd3 f6 42. exf6 Kxf6 43. Ke4 Ke6 44. b4 d3 45. Kxd3 cxb4 46. Kc4 Kf5 47. Ba5 b3 48. Kxb3 Bc5 49. Be1 Ke4 50. Kc4 Bf8 51. f5 Ke3 52. f6 Ke4 53. f7 Ke5 1-0

[Event "Trois-Rivieres Mauricie op U2000"]
[Site "Trois Rivieres"]
[Date "2016.03.19"]
[Round "3"]
[White "Mercure, Gilbert"]
[Black "Desjardins, Michel"]
[Result "0-1"]
[WhiteElo "1735"]
[BlackElo "1910"]
[PlyCount "118"]
[EventDate "2016.03.18"]
[EventType "swiss"]
[EventRounds "5"]
[EventCountry "CAN"]
[SourceTitle "EXT 2022"]
[Source "ChessBase"]
[SourceDate "2021.10.06"]
[SourceVersion "1"]
[SourceVersionDate "2021.10.06"]
[SourceQuality "1"]

1. e4 d5 2. exd5 Qxd5 3. Nc3 Qd6 4. d4 Nf6 5. Bc4 c6 6. Nge2 Bf5 7. f3 e6 8. Bf4 Qb4 9. Bb3 Nbd7 10. g4 Bg6 11. h4 h5 12. g5 Nd5 13. Bd2 Nxc3 14. bxc3 Qb6 15. Bf4 Be7 16. Bc4 Qa5 17. Rb1 Nb6 18. Bd3 Bxd3 19. Qxd3 0-0-0 20. Kf2 Bd6 21. Bxd6 Rxd6 22. c4 Rd7 23. Rb3 Qa6 24. Ra3 Qxc4 25. Qxc4 Nxc4 26. Rxa7 Kb8 27. Ra4 b5 28. Rb1 Rb7 29. Rab4 Na3 30. Rc1 Rd8 31. Nf4 g6 32. Nd3 Nc4 33. c3 Ra7 34. a4 Rxa4 35. Rxa4 bxa4 36. Ra1 a3 37. Rb1+ Kc7 38. Rb4 Ra8 39. Nc1 a2 40. Nb3 Nd6 41. Na1 Nf5 42. Ke2 Nxh4 43. d5 Nf5 44. dxc6 Kxc6 45. Rc4+ Kd6 46. Rb4 Ra7 47. Rb8 Kc7 48. Rb4 Rb7 49. Ra4 Rb2+ 50. Kd3 Rf2 51. Nc2 h4 52. Rxa2 Rxf3+ 53. Kd2 h3 54. Ra7+ Kd6 55. Rxf7 Rf2+ 56. Kd3 h2 57. Rh7 Ng3 58. Ne3 h1Q 59. Rxh1 Nxh1 0-1

[Event "Mauricie U1800 op"]
[Site "Trois Rivieres"]
[Date "2005.03.20"]
[Round "5"]
[White "Mercure, Gilbert"]
[Black "Grenier, Jean Pierre"]
[Result "0-1"]
[WhiteElo "1697"]
[BlackElo "1531"]
[PlyCount "124"]
[EventDate "2005.03.18"]
[EventType "swiss"]
[EventRounds "5"]
[EventCountry "CAN"]
[SourceTitle "EXT 2022"]
[Source "ChessBase"]
[SourceDate "2021.10.06"]
[SourceVersion "1"]
[SourceVersionDate "2021.10.06"]
[SourceQuality "1"]

1. e4 c5 2. Nf3 Nc6 3. d4 cxd4 4. c3 dxc3 5. Bc4 cxb2 6. Bxb2 e6 7. 0-0 Na5 8. Bd3 b6 9. Qe2 f6 10. Rd1 Bc5 11. Nbd2 Ne7 12. Bc3 Nec6 13. Nb3 0-0 14. Nxa5 Nxa5 15. Rac1 Nb7 16. Nd4 Qe7 17. Bc4 Nd6 18. Bb3 Kh8 19. Kh1 a5 20. f4 Ba6 21. Qf3 Bb7 22. Bc2 Rac8 23. Bb2 Bxd4 24. Bxd4 Rxc2 25. Rxc2 Bxe4 26. Qa3 Bxc2 27. Rc1 Nf5 28. Qxe7 Nxe7 29. Rxc2 Rc8 30. Rb2 Nd5 31. f5 Nb4 32. Bg1 Rc2 33. Rb1 Rxa2 34. fxe6 dxe6 35. Bxb6 h5 36. h4 Nc2 37. Kh2 a4 38. Bc5 a3 39. Rc1 Kh7 40. Kg3 e5 41. Kf3 Kg6 42. Ke4 Na1 43. Bb4 Rxg2 44. Bxa3 Rg4+ 45. Kd5 Nb3 46. Rc7 Kf5 47. Bb2 g6 48. Rc3 Rd4+ 49. Kc6 Nd2 50. Rh3 Kg4 51. Rh1 Rb4 52. Ba3 Ra4 53. Be7 Kf5 54. Rh2 Nf3 55. Rf2 e4 56. Kb5 Ra7 57. Bc5 Rd7 58. Kc4 Rd2 59. Rf1 Kg4 60. Kc3 Rd3+ 61. Kc2 Kxh4 62. Be7 Kg5 0-1